Analýza systému merania zariadenia TREVITEST

Saved in:
Bibliographic Details
Main Author: Miadik, Samuel (Author)
Other Authors: Leja, Jozef (Thesis advisor)
Format: Manuscript Book
Language:Slovak
Published: 2024
Subjects:
Online Access:http://is.stuba.sk/zp/portal_zp.pl?podrobnosti=179413
Tags: Add Tag
No Tags, Be the first to tag this record!

MARC

LEADER 00000ntm a22000003a 4500
001 stuzp98026
003 SK-STU
005 20241120094327.3
007 ta
008 150427s2015----xo-----f-mn---000-0-slo-d
040 |a STU  |b slo 
041 0 |a slo 
100 1 |a Miadik, Samuel  |u 020080  |4 aut  |U SjF Strojnícka fakulta  |T SjF Ústav matematiky a fyziky  |X 112307  |U J0080  |Y 808  |7 112307 
242 0 1 |a Analysis of the measuring system TREVITEST  |y eng 
245 1 0 |a Analýza systému merania zariadenia TREVITEST 
260 |c 2024 
650 4 |a poistné ventily  |2 slo 
650 4 |a testovanie ventilov  |2 slo 
650 4 |a zariadenie TREVITEST  |2 slo 
650 4 |a chyba merania  |2 slo 
650 4 |a measurement error  |2 eng 
650 4 |a safety valves  |2 eng 
650 4 |a testing of valves  |2 eng 
650 4 |a TREVITEST device  |2 eng 
700 1 |a Leja, Jozef  |u 020080  |k Z1  |4 ths  |U SjF Strojnícka fakulta  |T SjF Ústav matematiky a fyziky  |X 2239  |U J0080  |Y 808  |7 A000002239 
856 4 |u http://is.stuba.sk/zp/portal_zp.pl?podrobnosti=179413 
996 |b 284J047674  |c J* 3769/DDP  |l JJSK  |s A  |a 24  |w stuzp98026_0001